تطور الفكر السياسى الشيعى من الشورى إلى ولاية الفقهية/ (Record no. 12690)
[ view plain ]
| 000 -LEADER | |
|---|---|
| fixed length control field | 00738nam a22001577a 4500 |
| 008 - FIXED-LENGTH DATA ELEMENTS--GENERAL INFORMATION | |
| fixed length control field | 090825t xxu||||| |||| 00| 0 eng d |
| 082 ## - DEWEY DECIMAL CLASSIFICATION NUMBER | |
| Edition number | 22 |
| Classification number | 247.1 |
| Item number | ك ا ت |
| 100 ## - MAIN ENTRY--PERSONAL NAME | |
| 9 (RLIN) | 8610 |
| Personal name | الكاتب ، احمد |
| 245 ## - TITLE STATEMENT | |
| Title | تطور الفكر السياسى الشيعى من الشورى إلى ولاية الفقهية/ |
| Statement of responsibility, etc | أحمد الكاتب |
| 250 ## - EDITION STATEMENT | |
| Edition statement | ط6 |
| 260 ## - PUBLICATION, DISTRIBUTION, ETC. (IMPRINT) | |
| Place of publication, distribution, etc | بيروت: |
| Name of publisher, distributor, etc | الانتشار العربى، |
| Date of publication, distribution, etc | 2008 |
| 300 ## - PHYSICAL DESCRIPTION | |
| Extent | 216ص؛ |
| Dimensions | 24سم |
| 650 ## - SUBJECT ADDED ENTRY--TOPICAL TERM | |
| 9 (RLIN) | 8611 |
| Topical term or geographic name as entry element | الامامية عند الشيعة |
| 942 ## - ADDED ENTRY ELEMENTS (KOHA) | |
| Source of classification or shelving scheme | Dewey Decimal Classification |
| Item type | Book - Borrowing |
| Withdrawn status | Item status | Source of classification or shelving scheme | Damaged status | Not for loan | Vendor | Home library | Current library | Shelving location | Date acquired | Source of acquisition | Cost, normal purchase price | Serial Enumeration / chronology | Total Checkouts | Full call number | Barcode | Date last seen | Date last borrowed | Koha item type |
|---|---|---|---|---|---|---|---|---|---|---|---|---|---|---|---|---|---|---|
| Dewey Decimal Classification | Madboly | Central Library | Central Library | Lower Floor | 25/08/2009 | 60.00 | 2358 | 1 | 247.1 الك | 000018157 | 15/07/2025 | 02/12/2010 | Book - Borrowing |